书目信息 |
| 题名: |
父母必读
|
|
| 作者: | Макаренко , 马卡连柯 著 ;耿济安 译 | |
| 分册: | ||
| 出版信息: | 北京 人民教育出版社 1958 |
|
| 页数: | 412页 | |
| 开本: | 20cm | |
| 丛书名: | ||
| 单 册: | ||
| 中图分类: | G751.2 | |
| 科图分类: | ||
| 主题词: | 教育--类型 , 家庭教育--方法 | |
| 电子资源: | ||
| ISBN: | ||
| 000 | 00760nam0 2200265 45 | |
| 001 | 0179004056 | |
| 005 | 20060915094325.06 | |
| 010 | @dCNY1.80 | |
| 091 | @a7012.044 | |
| 100 | @a19950717e19791958em y0chiy0121 ea | |
| 101 | 1 | @achi@crus |
| 102 | @aCN@b110000 | |
| 105 | @ay z 000yy | |
| 200 | 10 | @a父母必读@Afu mu bi du@f(苏)马卡连柯(А.С.Макаренко)著@g耿济安译 |
| 205 | @a2版 | |
| 210 | @a北京@c人民教育出版社@d1958@h1979重印 | |
| 215 | @a412页@d20cm | |
| 606 | 0 | @a教育@x类型 |
| 606 | @a家庭教育@x方法 | |
| 690 | @aG751.2@v3 | |
| 701 | A1 | @aМакаренко@bА.С.@4著 |
| 701 | 1 | @a马卡连柯@Ama ka lian ke@bА.С.@4著 |
| 702 | 0 | @a耿济安@Ageng ji an@4译 |
| 801 | 0 | @aCN@bNLC@c20060915 |
| 905 | @dG751.2@e2@f2@b15271-272@b15267@f1 | |
| 父母必读/(苏)马卡连柯(А.С.Макаренко)著/耿济安译.-2版.-北京:人民教育出版社,1958(1979重印) |
| 412页;20cm |
| ISBN :CNY1.80 |
| ● |
| 相关链接 |
|
|
|
|
正题名:父母必读
索取号:G751.2/2
 
预约/预借
| 序号 | 登录号 | 条形码 | 馆藏地/架位号 | 状态 | 备注 |
| 1 | 0015267 | 000295512 | 密集书库/ [索取号:G751.2/2] | 在馆 | |
| 2 | 0015268 | 001893785 | 密集书库/ [索取号:G751.2/2] | 在馆 | |
| 3 | 0015270 | 001893749 | 密集书库/ [索取号:G751.2/2] | 在馆 | |
| 4 | 0015271 | 001585895 | 密集书库/ [索取号:G751.2/2] | 在馆 | |
| 5 | 0015272 | 000295503 | 第四借阅区/ [索取号:G751.2/2] | 在馆 | |
| 6 | 0473420 | 204734207 | 密集书库/ [索取号:G751.2/2] | 在馆 |